| 000 | 00821nam a2200253 a 4500 | ||
|---|---|---|---|
| 001 | 15034 | ||
| 003 | BD-RjUL | ||
| 005 | 20211208235734.0 | ||
| 008 | 140209s1969 ii a b 001 0 eng d | ||
| 020 | _c: IRs. 20.00 | ||
| 035 | _a(BD-RjUL)15088 | ||
| 040 |
_aDLC _cDLC _dICU _dDLC _dBD-RjUL _beng |
||
| 041 | _aeng | ||
| 082 | 0 | 0 |
_a629.8312 _bCHE 1969 _223 |
| 100 | 1 |
_aChen, Chih-fan _946808 |
|
| 245 | 1 | 0 |
_aElements of control systems analysis : _bclassical and modern approaches / _cChih-fan Chen ; I. John Haas |
| 250 | _aIndian Reprint ed. | ||
| 260 |
_aNew Delhi : _bPrentice-Hall of India Private Ltd., _c1968 [Reprinted1969] |
||
| 300 |
_aviii, 471 p. : _bill. ; _c22 cm. |
||
| 504 | _aIncludes Bibliography | ||
| 650 | 0 |
_aControl theory. _946809 |
|
| 700 | 1 |
_aHaas, I. John , jt. auth. _946810 |
|
| 942 |
_2ddc _cBK |
||
| 999 |
_c15034 _d15034 |
||